LEADER 00806nam a2200241 i 4500 001 991003668629707536 005 20020506103356.0 008 010704s1962 it ||| | ita 035 $ab10539542-39ule_inst 035 $aEXGIL124900$9ExL 040 $aBiblioteca Interfacoltà$bita 082 0 $a851.914 100 1 $aZanzotto, Andrea$0174583 245 13$aIX nove ecloghe /$cAndrea Zanzotto 260 $aMilano :$bMondadori,$c1962 300 $a91 p. ;$c19 cm. 440 3$aIl tornasole 907 $a.b10539542$b02-04-14$c27-06-02 912 $a991003668629707536 945 $aLE002 Fondo Bodini It. 191$g1$i2002000994110$lle002$o-$pE0.00$q-$rn$so $t0$u0$v0$w0$x0$y.i10619239$z27-06-02 996 $aNove ecloghe$9215704 997 $aUNISALENTO 998 $ale002$b01-01-01$cm$da $e-$fita$git $h3$i1 LEADER 00971nam a2200265 i 4500 001 991002884149707536 008 160209s2015 it b 001 0 ita d 020 $a9788867602964 035 $ab14248311-39ule_inst 040 $aDip. di Studi Umanistici$bita 041 1 $aita$agrc$hgrc 082 0 $a880.1 100 0 $aAristophanes$0602827 245 10$aFrammenti /$cAristofane ; testo traduzione e commento a cura di Metteo Pellegrino 260 $aLecce :$bPensa MultiMedia,$c2015 300 $a498 p. ;$c21 cm 440 0$aProsopa.$pTeatro greco: studi e commenti ;$v8 504 $aBibliografia: p. 13-36. Indice 700 1 $aPellegrino, Matteo 907 $a.b14248311$b08-07-16$c09-02-16 912 $a991002884149707536 945 $aLE007 880.1 Aristophanes 2015-01$g1$i2007000266892$lle007$og$pE38.00$q-$rl$s- $t0$u1$v0$w1$x0$y.i15711195$z09-02-16 996 $aFrammenti$93368783 997 $aUNISALENTO 998 $ale007$b09-02-16$cm$da $e-$fita$git $h0$i0